00628nam a2200169 i 4500001000300000245009500003250002100098260006000119650002400179655005000203700003300253040000800286041000800294080001700302008004100319856009800360bg 0aFizyka budowli.nZ. 1,pMateriały pomocnicze do ćwiczeń /coprac. Janusz Nowakiewicz. a59, [2] s.arys. aSzczecin :bWydaw. Politechniki Szczecińskiej,c1978. 9aFizykaxbudownictwo aĆwiczenia i zadania dla szkół wyższych1 aNOWAKIEWICZ, Janusz.eOprac. cBPK apol a69:53(075.8) s pl f |000 0 pol  uhttp://koha.tu.koszalin.pl/cgi-bin/koha/opac-detail.pl?biblionumber=18802yKatalog online BPK